Statystyki dla Polska po językach oficjalnych krajów Europy

Kliknij tutaj aby rozwiązać quiz!

Ogólne statystyki

  • Ten quiz został rozwiązany 59 razy
  • Średni wynik to 20 z 37

Statystyki odpowiedzi

JęzykPolska po języku% Poprawnych
norweskiPolen
100%
szwedzkiPolen
100%
duńskiPolen
100%
niemieckiPolen
100%
niderlandzkiPolen
100%
luksemburskiPolen
100%
angielskiPoland
98%
islandzkiPólland
98%
polskiPolska
92%
macedońskiPolska (Полска)
92%
albańskiPolonia
84%
rumuńskiPolonia
84%
portugalskiPolónia
84%
łacińskiPolonia
84%
włoskiPolonia
84%
katalońskiPolònia
84%
hiszpańskiPolonia
84%
greckiPolonía (Πολωνία)
84%
francuskiPologne
49%
czeskiPolsko
45%
słowackiPol'sko
45%
rosyjskiPol'sha (Польша)
39%
bułgarskiPolsha (Полша)
39%
bośniackiPoljska
18%
chorwackiPoljska
18%
serbskiPoljska (Пољска)
18%
słoweńskiPoljska
18%
węgierskiLengyelország
16%
fińskiPuola
16%
litewskiLenkija
14%
ukraińskiPol'šča (Польща)
10%
estońskiPoola
8%
łotewskiPolija
6%
romanszPologna
6%
irlandzkiAn Pholainn
4%
maltańskiPolonja
2%
białoruskiPoĺščy (Польшчы)
0%

Rozkład punktacji

Percentyl według liczby udzielonych odpowiedzi

Procent ludzi z każdym wynikiem

Twoja historia wyników

Nie rozwiązałeś tego quizu